[Event "13th Sant Marti Open"]
[Site "Barcelona ESP"]
[Date "2011.07.14"]
[Round "2"]
[White "Martinez Ramirez,E"]
[Black "Pilgaard,K"]
[Result "0-1"]
[WhiteElo "2257"]
[BlackElo "2442"]

1.e4 c5 2.Nf3 d6 3.d4 cxd4 4.Nxd4 Nf6 5.Nc3 a6 6.f3 e5 7.Nb3 Be6 8.Be3 Be7
9.Qd2 O-O 10.O-O-O a5 11.Bb5 Na6 12.Qf2 Qb8 13.Kb1 Nc7 14.a4 Nxb5 15.Nxb5 Bc4
16.Ba7 Qd8 17.Na3 Bxb3 18.cxb3 d5 19.exd5 Nxd5 20.Bc5 Re8 21.Nc4 Qd7 22.Bxe7 Qf5+
23.Ka1 Nxe7 24.Nd6 Qe6 25.Nxe8 Rxe8 26.Qc5 Nc6 27.Qc4 Qg6 28.Rd2 h6 29.Re1 Re6
30.Qe4 Qg5 31.Qe3 Qe7 32.Rc1 Nd4 33.Qd3 g6 34.Rc4 Rb6 35.Rc3 Qe6 36.Kb1 Kg7
37.f4 Nxb3 38.Re2 e4 39.Qc4 Qd6 40.Rxb3 Qd1+ 41.Ka2 Rxb3 42.Rxe4 Qd3 43.Qxb3 Qxe4
44.Qc3+ Kh7 45.Qxa5 Qxf4 46.Qb5 Qe4 47.g3 g5 48.b3 f5 49.Qb6 f4 50.gxf4 gxf4
51.Qf6 Kg8 52.Qxh6 f3 53.Qg5+ Kf7 54.Qh5+ Ke7 55.Qg5+ Kd7 56.Qg7+ Kc8 57.Qf8+ Kc7
58.Qc5+ Kd7 59.Qb5+ Kd6 60.Qb6+ Ke5 61.Ka3 Qd4 62.Qa5+ Kf4 63.Qc7+ Ke3 64.Qe7+ Qe4
65.Qg5+ Ke2 66.Qb5+ Ke1 67.Qa5+ Kf1 68.Qb5+ Ke1 69.Qa5+ Kd1 70.Qd8+ Ke2 71.Qf6 f2
72.Qb2+ Kf1 73.Qa1+ Kg2 74.Qg7+ Kh1 75.Qf7 Qg2  0-1

[Event "10th Condom GM"]
[Site "Condom FRA"]
[Date "2011.07.14"]
[Round "8"]
[White "Lagarde,Max"]
[Black "Cossin,S"]
[Result "0-1"]
[WhiteElo "2433"]
[BlackElo "2502"]

1.e4 c5 2.Nf3 d6 3.d4 cxd4 4.Nxd4 Nf6 5.Nc3 a6 6.f3 e6 7.Be3 b5 8.Qd2 Nbd7
9.g4 Nb6 10.a4 Nc4 11.Bxc4 bxc4 12.a5 Bb7 13.Na4 d5 14.g5 Nd7 15.O-O-O dxe4
16.Qc3 Qe7 17.Qd2 Qb4 18.Nc3 O-O-O 19.Nxe4 Qxd2+ 20.Bxd2 Nc5 21.Nxc5 Bxc5
22.Bc3 Rd5 23.b4 Ba7 24.Rd2 Rxg5 25.Rhd1 Rd5 26.Kb2 Rhd8 27.f4 g6 28.Ka2 Bb8
29.Ne2 Rxd2 30.Rxd2 Rxd2 31.Bxd2 Bf3 32.Nc3 Bc6 33.Ne2 e5 34.fxe5 Bxe5 35.Bf4 Bg7
36.c3 f5 37.Kb2 Bf6 38.Bg3 h6 39.Nd4 Kd7 40.Nc2 Ke6 41.Nd4+ Kd5 42.Nxc6 Kxc6
43.Kc2 g5 44.Kd2 h5  0-1

[Event "ch-USA Cadet"]
[Site "Crossville USA"]
[Date "2011.07.14"]
[Round "5"]
[White "Bodek,Michael H"]
[Black "Mo,Kevin"]
[Result "1-0"]
[WhiteElo "2191"]
[BlackElo "2095"]

1.e4 c5 2.Nf3 d6 3.d4 cxd4 4.Nxd4 Nf6 5.Nc3 a6 6.f3 e5 7.Nb3 Be6 8.Be3 Be7
9.Qd2 h5 10.Nd5 Nxd5 11.exd5 Bf5 12.Bd3 Bxd3 13.Qxd3 Bg5 14.O-O O-O 15.c4 Nd7
16.Rac1 b6 17.Nd2 Bxe3+ 18.Qxe3 a5 19.Ne4 Qe7 20.f4 exf4 21.Qxf4 Ne5 22.Qf5 Ng6
23.Rce1 Qe5 24.Qf2 Rab8 25.Qd2 f5 26.Ng5 Qf6 27.Re6  1-0

[Event "Faustino Paniagua Memorial"]
[Site "Asuncion URU"]
[Date "2011.07.16"]
[Round "10.1"]
[White "Vazquez,Guillermo"]
[Black "Kropff,R"]
[Result "1-0"]
[WhiteElo "2248"]
[BlackElo "2256"]

1.e4 c5 2.Nf3 d6 3.d4 cxd4 4.Nxd4 Nf6 5.Nc3 a6 6.f3 e5 7.Nb3 Be6 8.Be3 Be7
9.Qd2 O-O 10.O-O-O Qc7 11.g4 Rc8 12.Kb1 Nbd7 13.g5 Nh5 14.Nd5 Bxd5 15.exd5 Rf8
16.Rg1 g6 17.h4 f5 18.c4 a5 19.Nc1 a4 20.Nd3 a3 21.b3 Rf7 22.f4 exf4 23.Bxf4 Nc5
24.Nxc5 Qxc5 25.Be3 Qc7 26.Bd4 Bf8 27.Be2 Qe7 28.Bxh5 Qe4+ 29.Ka1 gxh5 30.g6 hxg6
31.Rxg6+ Kh7 32.Rdg1 Re8 33.Bc3 Qe3 34.Rg8 Bh6 35.Qxe3 Bxe3 36.Rxe8  1-0

[Event "TCh-Euro Open Girls"]
[Site "Iasi ROU"]
[Date "2011.07.16"]
[Round "2.4"]
[White "Bulmaga,I"]
[Black "Visanescu,D"]
[Result "1/2-1/2"]
[WhiteElo "2293"]
[BlackElo "1976"]

1.e4 c5 2.Nf3 d6 3.d4 cxd4 4.Nxd4 Nf6 5.Nc3 a6 6.Be3 Ng4 7.Bc1 Nf6 8.f3 Qb6
9.Nb3 Nc6 10.Qe2 e6 11.g4 Be7 12.Be3 Qc7 13.g5 Nd7 14.f4 Nc5 15.Bg2 b5 16.e5 Nxb3
17.axb3 Bb7 18.exd6 Bxd6 19.O-O O-O 20.Ne4 Ne7 21.c4 Nf5 22.c5 Bxe4 23.cxd6 Nxd6
24.Bxe4 Nxe4 25.Bd4 Nd6 26.Rac1 Qb7 27.Be5 Nf5 28.Rc3 Qb6+ 29.Rf2 b4 30.Bc7 Qa7
31.Rc4 Rac8 32.Be5 Rxc4 33.bxc4 Rd8 34.Kg2 Qe3 35.c5 Nh4+ 36.Kg1 Qc1+ 37.Rf1 Qxc5+
38.Qf2 Nf3+ 39.Kg2 Qxf2+ 40.Rxf2 Nxe5 41.fxe5 Rd5 42.Re2 Rc5 43.Kf3 Kf8 44.Ke4 Ke7
45.Kd4 Rd5+ 46.Kc4 a5 47.b3 f6 48.gxf6+ gxf6 49.exf6+ Kxf6 50.Rf2+ Rf5 51.Re2 e5
52.Ra2 e4 53.Kd4 Re5 54.Ke3 Ke6 55.Ra1 Kd6 56.Ra2 Kc6 57.Kd4 Re7 58.Ke3 Kb5
59.Rf2 Re5 60.Rf8 Re6 61.Rb8+ Rb6 62.Ra8 Rh6 63.Rb8+ Kc6 64.Kxe4 Rxh2 65.Rf8 Rd2
66.Rf5 a4 67.bxa4 b3 68.Rb5 b2 69.Ke3 Rh2 70.Kf3 Rc2 71.Kg3 h5 72.Kh3 Rd2
73.Kg3 Rc2 74.Kh3 Kd6 75.Kg3 Rd2 76.Kh3 Rd4 77.Rxb2 Rxa4 78.Rb5  1/2-1/2

[Event "3rd International Open"]
[Site "Rethymno GRE"]
[Date "2011.07.16"]
[Round "7"]
[White "Moen,A"]
[Black "Sandipan,C"]
[Result "1/2-1/2"]
[WhiteElo "2333"]
[BlackElo "2656"]

1.e4 c5 2.Nf3 d6 3.d4 cxd4 4.Nxd4 Nf6 5.Nc3 a6 6.f3 e6 7.Be3 b5 8.g4 b4 9.Nce2 h6
10.Qd2 Nbd7 11.h4 d5 12.Bh3 dxe4 13.g5 hxg5 14.hxg5 exf3 15.gxf6 fxe2 16.Nxe6 fxe6
17.f7+ Kxf7 18.Bxe6+ Kxe6 19.Rxh8 Bb7 20.Qxe2 Ne5 21.Rh5 Qd5 22.Bf4 g5 23.Bxe5 Qxe5
24.Qxe5+ Kxe5 25.Rxg5+ Kf4 26.Ra5 Bf3 27.c3 Bg7 28.Kd2 bxc3+ 29.bxc3 Rd8+
30.Kc2 Be4+ 31.Kb3 Rb8+ 32.Kc4 Rc8+ 33.Rc5 Bd3+ 34.Kd5 Rd8+ 35.Kc6 Bxc3 36.Kc7 Bxa1
37.Kxd8 Bd4 38.Rc1 Ke3 39.Kc7 Kd2 40.Rc6 Be5+ 41.Kb6 Bd4+ 42.Ka5 Bc3+ 43.Kb6 Kc2
44.Rd6 a5 45.a4 Bc4 46.Rh6 Be2 47.Rc6 Kb3 48.Rxc3+ Kxc3 49.Kxa5  1/2-1/2

[Event "34th Taminco Open"]
[Site "Ghent BEL"]
[Date "2011.07.18"]
[Round "5.17"]
[White "Rademakers,M"]
[Black "Sarrau,J"]
[Result "0-1"]
[WhiteElo "2054"]
[BlackElo "2239"]

1.e4 c5 2.Nf3 d6 3.d4 cxd4 4.Nxd4 Nf6 5.Nc3 a6 6.f3 e5 7.Nb3 Be6 8.Be3 Be7
9.Be2 O-O 10.Qd2 Nbd7 11.g4 b5 12.h4 b4 13.Na4 d5 14.g5 d4 15.Bxd4 exd4 16.Nxd4 Nh5
17.f4 Ng3 18.f5 Nxh1 19.Nc6 Qe8 20.fxe6 fxe6 21.O-O-O Ng3 22.Bc4 Nc5  0-1

[Event "III Corporation Cup A"]
[Site "Izhevsk RUS"]
[Date "2011.07.18"]
[Round "4"]
[White "Demianjuk,A"]
[Black "Arzamastsev,A"]
[Result "1-0"]
[WhiteElo "2317"]
[BlackElo "2165"]

1.e4 c5 2.Nf3 d6 3.d4 cxd4 4.Nxd4 Nf6 5.Nc3 a6 6.Be3 Ng4 7.Bc1 Nf6 8.f3 e6
9.Be3 Be7 10.Qd2 Nc6 11.O-O-O b5 12.Kb1 Qc7 13.Bd3 Bd7 14.Rhe1 Ne5 15.Bg5 Nc4
16.Bxc4 Qxc4 17.Nf5 exf5 18.exf5 Bxf5 19.Rxe7+ Kxe7 20.Qxd6+ Ke8 21.Bxf6 gxf6
22.Re1+ Qe6 23.Rxe6+ fxe6 24.Qd4 Rd8 25.Qxf6 Rg8 26.g3 Rd2 27.a4 Rxc2 28.Ka2 Rxh2
29.Nd5 exd5 30.Qxf5 Rg2 31.Qh5+ Kf8 32.Qf5+ Ke7 33.Qe5+ Kf8 34.Qf6+ Ke8 35.Qe6+ Kf8
36.g4 Rh8 37.Qf5+ Ke8 38.Qe5+  1-0

[Event "13th Sant Marti Open"]
[Site "Barcelona ESP"]
[Date "2011.07.19"]
[Round "7"]
[White "Aroshidze,L"]
[Black "Alarcon Casellas,Rol"]
[Result "1-0"]
[WhiteElo "2539"]
[BlackElo "2453"]

1.e4 c5 2.Nf3 d6 3.d4 cxd4 4.Nxd4 Nf6 5.Nc3 a6 6.f3 e5 7.Nb3 Be6 8.Be3 Be7
9.Qd2 O-O 10.O-O-O a5 11.a4 Nc6 12.g4 Nb4 13.Kb1 Rc8 14.g5 Ne8 15.f4 exf4
16.Bxf4 d5 17.exd5 Bg4 18.Be2 Bxe2 19.Qxe2 Nd6 20.h4 Re8 21.Qf3 Qd7 22.Rhf1 Bf8
23.h5 b5 24.Bxd6 Bxd6 25.Nxb5 Rxc2 26.N3d4 Rc5 27.Nxd6 Rf8 28.N4b5 f5 29.Qe3 Rxd5
30.Rxd5 Nxd5 31.Qe5 Nb4 32.Rxf5 Rc8 33.Rf1 Qh3 34.Qf5  1-0

[Event "16th Balaguer Open"]
[Site "Balaguer ESP"]
[Date "2011.07.20"]
[Round "4"]
[White "Perez Cabas,J"]
[Black "Ramon Perez,J"]
[Result "0-1"]
[WhiteElo "1959"]
[BlackElo "2222"]

1.e4 c5 2.Nf3 d6 3.d4 cxd4 4.Nxd4 Nf6 5.Nc3 a6 6.f3 e5 7.Nb3 Be7 8.Be3 O-O
9.Qd2 Be6 10.O-O-O Qc7 11.g4 Rc8 12.Kb1 d5 13.exd5 Nxd5 14.Nxd5 Bxd5 15.Qf2 Qc6
16.Bd3 a5 17.a4 Qxa4 18.Bf5 Rd8 19.Bb6 Nc6 20.Bxd8 Rxd8 21.Nc1 Nb4 22.b3 Qc6
23.Nd3 Ra8 24.Nxe5 Qc7 25.Nd3 Bxf3 26.Nb2 Bxh1 27.Rxh1 Bf6 28.Qe1 Nd5 29.h4 Nc3+
30.Kc1 Qf4+ 31.Qd2 Na2+ 32.Kd1 Qf3+ 33.Qe2 Nc3+  0-1

[Event "16th Balaguer Open"]
[Site "Balaguer ESP"]
[Date "2011.07.22"]
[Round "6"]
[White "Fumas Fontova,Eudald"]
[Black "Pages Jane,J"]
[Result "1-0"]
[WhiteElo "1637"]
[BlackElo "1731"]

1.e4 c5 2.Nf3 d6 3.d4 cxd4 4.Nxd4 Nf6 5.Nc3 a6 6.f3 e6 7.Be3 b5 8.Qd2 Bb7
9.Be2 Be7 10.O-O-O Nc6 11.g4 Qa5 12.Nb3 Qc7 13.g5 Nd7 14.f4 Rc8 15.f5 exf5
16.exf5 Nce5 17.Rhf1 Nc4 18.Bxc4 Qxc4 19.Na5 Qc7 20.Nxb7 Qxb7 21.Nd5 Qc6
22.Nxe7 Kxe7 23.f6+ gxf6 24.gxf6+ Ke6 25.Qd3 Ne5 26.Qf5+  1-0

[Event "2nd Girona Open"]
[Site "Girona ESP"]
[Date "2011.07.22"]
[Round "9"]
[White "Diaz Munoz,S"]
[Black "Serra Labrador,C"]
[Result "1-0"]
[WhiteElo "2061"]
[BlackElo "2022"]

1.e4 c5 2.Nf3 d6 3.d4 cxd4 4.Nxd4 Nf6 5.Nc3 a6 6.f3 e5 7.Nb3 Be6 8.Be3 Be7
9.Qd2 O-O 10.O-O-O Qc7 11.g4 Rd8 12.g5 Nh5 13.Qg2 Nd7 14.Nd5 Bxd5 15.exd5 Rac8
16.Bd3 g6 17.Kb1 b5 18.Qd2 Nb6 19.Bxb6 Qxb6 20.Na5 Rd7 21.Nc6 Bf8 22.h4 Bg7
23.Bf1 Rdc7 24.Bh3 Ra8 25.Qb4 Bf8 26.Bg4 a5 27.Qb3 Nf4 28.c4 b4 29.Qc2 Qc5
30.h5 a4 31.hxg6 fxg6 32.Rh2 b3 33.axb3 axb3 34.Qxb3 Ra6 35.Qb8 Rcxc6 36.dxc6 Qxc6
37.Qc8 Qxc8 38.Bxc8 Ra4  1-0

[Event "Najdorf Memorial"]
[Site "Warsaw POL"]
[Date "2011.07.22"]
[Round "9.34"]
[White "Iwanow,A"]
[Black "Zadlo,T"]
[Result "1-0"]
[WhiteElo "2162"]
[BlackElo "2080"]

1.e4 c5 2.Nf3 d6 3.d4 cxd4 4.Nxd4 Nf6 5.Nc3 a6 6.f3 e5 7.Nb3 Be6 8.Be3 Be7
9.Qd2 O-O 10.O-O-O Qc7 11.g4 Nbd7 12.Kb1 Nc5 13.g5 Nfd7 14.h4 b5 15.h5 b4
16.Nd5 Bxd5 17.exd5 f5 18.Qxb4 Rab8 19.Qc3 Qb6 20.Nxc5 Nxc5 21.Bxc5 dxc5
22.f4 exf4 23.Rg1 Bd6 24.Bc4 Rbe8 25.Rde1 Re4 26.Rxe4 fxe4 27.h6 Qc7 28.g6 hxg6
29.Rxg6 Rf7 30.Qh3 Rf6 31.Rxg7+ Qxg7 32.hxg7 Kxg7 33.a4 a5 34.Qg2+  1-0

[Event "Poznan Summer Open"]
[Site "Poznan POL"]
[Date "2011.07.23"]
[Round "8.21"]
[White "Rozumek,K"]
[Black "Pawlowski,Rafal"]
[Result "1-0"]
[WhiteElo "1929"]
[BlackElo "1462"]

1.e4 c5 2.Nf3 d6 3.d4 cxd4 4.Nxd4 Nf6 5.Nc3 a6 6.f3 e5 7.Nb3 Be6 8.Bg5 h6
9.Bh4 Be7 10.Bxf6 gxf6 11.Qd3 Nc6 12.Nd5 Bxd5 13.exd5 Nb4 14.Qe4 a5 15.Bb5+ Kf8
16.a4 Qc8 17.c3 f5 18.Qe2 Nxd5 19.Rd1 Nf4 20.Qc2 Qe6 21.g3 Nh5 22.Rd2 f4
23.g4 Bh4+ 24.Kd1 Nf6 25.Re2 Nd5 26.Nd4 Qc8 27.Nf5 Be7 28.Qd3 Qc5 29.Rhe1 Rd8
30.Qe4 f6 31.Rd2 Ne3+ 32.Nxe3 fxe3 33.Rd5 e2+ 34.Kxe2 Qc8 35.Bc4 b6 36.Rb5 Qd7
37.Qd5 Qe8 38.Rxb6 h5 39.gxh5 Qxh5 40.Kd1 Qg6 41.Re2 Qb1+ 42.Kd2 Qg6 43.f4 Rg8
44.Qxg8+ Qxg8 45.Bxg8 Kxg8 46.Rg2+ Kf7 47.f5  1-0

[Event "Poznan Summer Open"]
[Site "Poznan POL"]
[Date "2011.07.23"]
[Round "8.9"]
[White "Gorniewicz,O"]
[Black "Nawrocki,P"]
[Result "1-0"]
[WhiteElo "1914"]
[BlackElo "2059"]

1.e4 c5 2.Nf3 d6 3.d4 cxd4 4.Nxd4 Nf6 5.Nc3 a6 6.f3 Qb6 7.Nb3 e6 8.Qe2 Nbd7
9.Be3 Qc7 10.a4 b6 11.g4 h6 12.h4 Bb7 13.Qg2 d5 14.g5 hxg5 15.hxg5 Rxh1 16.Qxh1 Qg3+
17.Kd2 Ng8 18.exd5 O-O-O 19.Bh3 Ne5 20.Ke2 Kb8 21.Ne4 Qh4 22.Bf2 Qh5 23.Bg3 f6
24.Bxe6 Qxh1 25.Rxh1 Bxd5 26.Bxd5  1-0

[Event "36th MGU Open"]
[Site "Sofia BUL"]
[Date "2011.07.23"]
[Round "3.3"]
[White "Andreev,Do"]
[Black "Stoyanov,Tihomir"]
[Result "0-1"]
[WhiteElo "2067"]
[BlackElo "2190"]

1.e4 c5 2.Nf3 d6 3.d4 cxd4 4.Nxd4 Nf6 5.Nc3 a6 6.f3 e5 7.Nb3 Be6 8.Be3 Nbd7
9.Qd2 Be7 10.O-O-O Rc8 11.g4 b5 12.g5 b4 13.Ne2 Nh5 14.Kb1 a5 15.Ng3 Nf4
16.Bxf4 exf4 17.Qxf4 Ne5 18.h4 O-O 19.Nf5 Bxf5 20.exf5 Re8 21.Nd4 Bf8 22.Qd2 Qc7
23.f4 Nc4 24.Bxc4 Qxc4 25.h5 d5 26.g6 h6 27.gxf7+ Kxf7 28.Qg2 Re4 29.b3 Qc3
30.Ne6 Be7 31.Qd2 Qc6 32.Rh2 Bf6 33.Qd3 Kg8 34.Rhd2 a4 35.Qxd5 Qc3 36.Nd4+ Kh7
37.Qxe4 a3  0-1

[Event "15th Godesburg Open"]
[Site "Bad Godesberg GER"]
[Date "2011.07.24"]
[Round "2.13"]
[White "Bigott,M"]
[Black "Kutzner,S"]
[Result "0-1"]
[WhiteElo "1900"]
[BlackElo "2089"]

1.e4 c5 2.Nf3 d6 3.d4 cxd4 4.Nxd4 Nf6 5.Nc3 a6 6.f3 e5 7.Nb3 Be7 8.Be3 O-O
9.Bc4 Qc7 10.Qd3 Rd8 11.Nd5 Nxd5 12.Bxd5 Nd7 13.Qc4 Qxc4 14.Bxc4 Nf6 15.O-O-O b5
16.Be2 Be6 17.Bb6 Rdc8 18.Kb1 d5 19.Bd3 dxe4 20.fxe4 Nd7 21.Be3 Nc5 22.Nxc5 Bxc5
23.Bxc5 Rxc5 24.h3 Kf8 25.g4 Ke7 26.g5 Rd8 27.h4 Bc4 28.b3 Be6 29.h5 h6 30.gxh6 gxh6
31.Rhg1 Rcc8 32.Rg7 Rg8 33.Rdg1 Rxg7 34.Rxg7 Kf6 35.Rg3 Ke7 36.Rg7 Kf6 37.Rg3 Ke7
38.Kb2 Kf6 39.Ka3 a5 40.Rg2 Rc5 41.b4 Rc3+ 42.Kb2 axb4 43.Bxb5 Bc4 44.a4 Bxb5
45.axb5 Rc5 46.Kb3 Rxb5 47.Kc4 Rb8 48.Kd5 Rd8+ 49.Kc5 Rd4 50.Rf2+ Ke6 51.Re2 f6
52.Rg2 Rxe4 53.Rg6 Re2 54.Kxb4 Rxc2 55.Rxh6 e4 56.Rh8 Kf7 57.h6 f5 58.Ra8 Rh2
59.Ra6 f4 60.Kc3 e3 61.Ra4 Rf2 62.h7 Kg7 63.Ra7+ Kh8 64.Kd3  0-1

[Event "Open NK"]
[Site "Dieren NED"]
[Date "2011.07.28"]
[Round "9"]
[White "Hachijan,A"]
[Black "Beerdsen,Thomas"]
[Result "1-0"]
[WhiteElo "2165"]
[BlackElo "2009"]

1.e4 c5 2.Nf3 d6 3.d4 cxd4 4.Nxd4 Nf6 5.Nc3 a6 6.f3 g6 7.Be3 Bg7 8.Qd2 Nbd7
9.O-O-O b5 10.g4 Ne5 11.Bh6 Bxh6 12.Qxh6 b4 13.Nce2 Qa5 14.Kb1 Bd7 15.Nf4 Nexg4
16.fxg4 Nxg4 17.Qh3 Nf2 18.Qf3 Nxd1 19.Qxd1 O-O 20.h4 Qe5 21.Qd2 Kg7 22.Rg1 Rg8
23.Rg5 f5 24.exf5 Kh8 25.Bc4 Rg7 26.fxg6 Qf6 27.Nh5 Qf8 28.Nxg7 Qxg7 29.gxh7  1-0

[Event "Politiken Cup"]
[Site "Helsingor DEN"]
[Date "2011.07.31"]
[Round "2.102"]
[White "Amarapala,Sherington"]
[Black "Justinussen,S"]
[Result "0-1"]
[WhiteElo "1709"]
[BlackElo "1944"]

1.e4 c5 2.Nf3 d6 3.d4 cxd4 4.Nxd4 Nf6 5.Nc3 a6 6.f3 e6 7.Bc4 Be7 8.Bb3 Bd7
9.Be3 Nc6 10.Qd2 Qc7 11.O-O-O O-O-O 12.Rhe1 Nxd4 13.Qxd4 Bc6 14.Na4 Bxa4
15.Qxa4 Nd7 16.Rd4 Nc5 17.Qb4 d5 18.Qc3 Bf6 19.Red1 Bxd4 20.Rxd4 Nxb3+ 21.Qxb3 Qc6
22.Rd3 Qb5 23.Qc3+ Kb8 24.Qe5+ Ka8 25.Qd4 b6 26.exd5 Rxd5 27.Qxb6 Qxb6 28.Bxb6 Rxd3
29.cxd3 Kb7 30.Bd4 Rc8+ 31.Kd2 g6 32.Bc3 Rc5 33.Ke3 Rh5 34.h3 Kc6 35.g4 Rxh3
36.Kf4 Kd5 37.a3 e5+  0-1

[Event "112th US Open"]
[Site "Orlando USA"]
[Date "2011.08.03"]
[Round "3"]
[White "Viswanadha,Kesav"]
[Black "Shabalov,A"]
[Result "0-1"]
[WhiteElo "1919"]
[BlackElo "2577"]

1.e4 c5 2.Nf3 d6 3.d4 cxd4 4.Nxd4 Nf6 5.Nc3 a6 6.f3 e5 7.Nb3 Be6 8.Be3 h5
9.Qd2 Nbd7 10.O-O-O Rc8 11.Kb1 Be7 12.h3 h4 13.f4 b5 14.f5 Bc4 15.Bd3 Qc7
16.Rhg1 b4 17.Ne2 a5 18.g4 hxg3 19.Rxg3 Bf8 20.Nbc1 Qb7 21.b3 Bb5 22.Bxb5 Qxb5
23.Qd3 Qc6 24.Bg1 Nxe4 25.Re3 Ndf6 26.Re1 d5 27.Ng3 Nc3+ 28.Kb2 e4 29.Qd2 Bd6
30.Nge2 Be5 31.Nd4 Nb5 32.Ne2 Bxd4+ 33.Nxd4 Qc3+  0-1

[Event "Olomouc FIDE Open"]
[Site "Olomouc CZE"]
[Date "2011.08.04"]
[Round "1.13"]
[White "Blazeka,M"]
[Black "Bergloviec,Jan"]
[Result "1/2-1/2"]
[WhiteElo "2213"]
[BlackElo "1870"]

1.e4 c5 2.Nf3 d6 3.d4 cxd4 4.Nxd4 Nf6 5.Nc3 a6 6.f3 e6 7.Be3 Be7 8.Qd2 Nc6
9.O-O-O O-O 10.g4 Nxd4 11.Bxd4 e5 12.Be3 Be6 13.h4 Qa5 14.Kb1 Rfe8 15.Nd5 Qxd2
16.Nxe7+ Kf8 17.Bxd2 Kxe7 18.Bb4 Red8 19.Rh2 b5 20.Rhd2 Ne8 21.b3 a5 22.Ba3 b4
23.Bb2 Nc7 24.c3 f6 25.c4 h6 26.a4 Na6 27.h5 Nc5 28.Kc2 Rac8 29.Bc1 Rc6 30.Kb2 Rcc8
31.Rg2 Ra8 32.Be3 Rac8 33.Rgd2 Ra8 34.Bd3 Rac8 35.Bc2 Ra8 36.Kc1 Rac8 37.Bg1 Ra8
38.Be3 Rac8 39.Kb2 Ra8 40.Rg2 Rac8 41.Rdg1 Rh8 42.Rh1 Bf7 43.Rd2 Rcd8 44.Rhd1 Be6
45.Kc1 Rhe8 46.Rg1 Rh8 47.Kd1 Rhe8 48.Ke2 Rh8 49.Kf2 Rhe8 50.Kg3 Rh8 51.Rgd1 Rhe8  1/2-1/2

[Event "ECT Open A"]
[Site "Borne NED"]
[Date "2011.08.05"]
[Round "8"]
[White "Severijnen,Marion"]
[Black "Gunther,M"]
[Result "0-1"]
[WhiteElo "1870"]
[BlackElo "1887"]

1.e4 c5 2.Nf3 d6 3.d4 cxd4 4.Nxd4 Nf6 5.Nc3 a6 6.f3 e5 7.Nb3 Be6 8.Be3 Nbd7
9.Qd2 b5 10.g4 Nb6 11.Qf2 Nfd7 12.Rd1 Be7 13.Nd5 Bh4 14.Nc7+ Kf8  0-1

[Event "50th World Juniors"]
[Site "Chennai IND"]
[Date "2011.08.07"]
[Round "6.9"]
[White "Salgado Lopez,I"]
[Black "Shyam,N"]
[Result "1/2-1/2"]
[WhiteElo "2626"]
[BlackElo "2398"]

1.e4 c5 2.Nf3 d6 3.d4 cxd4 4.Nxd4 Nf6 5.Nc3 a6 6.f3 e5 7.Nb3 Be6 8.Be3 Nbd7
9.g4 Be7 10.Qd2 h6 11.h4 b5 12.a4 b4 13.Nd5 Bxd5 14.exd5 Nb6 15.Bxb6 Qxb6
16.O-O-O Nd7 17.f4 exf4 18.Qxf4 Bf6 19.Kb1 Be5 20.Qc4 Ke7 21.a5 Qf2 22.Nd4 Bxd4
23.Qxd4 Qxd4 24.Rxd4 Rhb8 25.Rh3 Nc5 26.Rf3 Ra7 27.b3 Kf8 28.g5 Re7 29.gxh6 gxh6
30.Rff4 Re1+ 31.Kb2 Ke7 32.Bh3 Rb5 33.Rf1 Re3 34.Bg4 f6 35.Bf5 Rxa5 36.Rg4 Kd8
37.Rg8+ Re8 38.Rxe8+ Kxe8 39.Bg6+ Ke7 40.Re1+ Kf8 41.h5 Rb5 42.Re8+ Kg7 43.Re7+ Kg8
44.Rh7 Rb7 45.Rxh6 Rg7 46.Kc1 a5 47.Kd2 Re7 48.Bf5 Re5 49.Rxf6 Kg7 50.Rg6+ Kh7
51.Bg4 Rxd5+ 52.Ke3 a4 53.bxa4 Nxa4 54.Bf3 Re5+ 55.Kf4 Nc5 56.Rxd6 Re6 57.Rd5 Rc6
58.Kg4 Rc7 59.Rd6 Kh8 60.h6 Re7 61.Kg5 Re3 62.Bd5 Ne4+ 63.Bxe4 Rxe4 64.Rd8+ Kh7
65.Rd7+ Kh8 66.Rc7 Re1 67.Kf5 Rb1 68.Kg6 Rg1+ 69.Kf5 Rb1 70.Rb7 Rc1 71.Kg6 Rg1+
72.Kf5 Rc1 73.Kg6 Rg1+ 74.Kf6 Rc1 75.Kg6 Rg1+  1/2-1/2

[Event "Sakkozo Magyarok World Meeting"]
[Site "Lakitelek HUN"]
[Date "2011.08.07"]
[Round "2.40"]
[White "Jakab,Kincso"]
[Black "Feher,Ti"]
[Result "0-1"]
[WhiteElo "1571"]
[BlackElo "1807"]

1.e4 c5 2.Nf3 d6 3.d4 cxd4 4.Nxd4 Nf6 5.Nc3 a6 6.f3 Nc6 7.Nxc6 bxc6 8.Be3 g6
9.Be2 Qc7 10.O-O Bg7 11.Qd2 O-O 12.Kh1 Rd8 13.Bh6 Bh8 14.f4 Ng4 15.Bxg4 Bxg4
16.h3 Bc8 17.f5 e6 18.Qg5 exf5 19.exf5 f6 20.Qg3 Qf7 21.Bd2 Bg7 22.fxg6 Qxg6
23.Qxg6 hxg6 24.Rfe1 Kf7 25.Kg1 Bf5 26.Rac1 Rab8 27.b3 Re8 28.g4 Rxe1+ 29.Bxe1 Be6
30.Bg3 Rh8 31.Kg2 f5 32.Na4 Bd5+ 33.Kf2 Bd4+ 34.Ke2 Re8+ 35.Kd3 Be3 36.Re1 f4
37.Bh2 Rh8 38.c4 Be6 39.Bg1 Rxh3 40.Bxe3 Rxe3+ 41.Rxe3 fxe3 42.Kxe3 Bxg4
43.Kf4 Bf5 44.Nc3 Kf6 45.b4 Be6 46.c5 g5+ 47.Ke3 d5 48.Ne2 Bd7 49.Nd4 g4
50.Kf4 Kg6 51.Ne2 Kf6 52.Nd4 g3 53.Kxg3 Ke5 54.Nc2 Ke4 55.Kf2 Kd3 56.Ne1+ Kc3
57.a3 Kb3 58.Ke3 Kxa3 59.Nd3 Bf5 60.Ne5 Kxb4 61.Kd4 Kb5 62.Nf3 a5 63.Nd2 a4
64.Kc3 Kxc5 65.Kb2 Kb4 66.Ka1 c5 67.Kb2 c4 68.Ka1 c3 69.Nb3 c2 70.Nc1 d4
71.Na2+ Kc4 72.Kb2 a3+ 73.Kc1 Kb3 74.Nc3 a2 75.Nxa2 Kxa2 76.Kd2 Kb2 77.Ke2 c1=Q
78.Kf2 Qe3+ 79.Kg2 Be4+ 80.Kf1 Qd2  0-1

[Event "37th Badalona Open A"]
[Site "Badalona ESP"]
[Date "2011.08.09"]
[Round "9"]
[White "Gonzalez Vidal,Y"]
[Black "Hernandez Carmenates,Hold"]
[Result "1-0"]
[WhiteElo "2503"]
[BlackElo "2570"]

1.e4 c5 2.Nf3 d6 3.d4 cxd4 4.Nxd4 Nf6 5.Nc3 a6 6.f3 e5 7.Nb3 Be6 8.Be3 h5
9.Qd2 Nbd7 10.O-O-O Qc7 11.Kb1 Be7 12.Nd5 Nxd5 13.exd5 Bf5 14.Bd3 Bxd3 15.Qxd3 Rc8
16.Nd2 O-O 17.g4 hxg4 18.fxg4 Rfe8 19.g5 Bf8 20.c3 b5 21.Ne4 Qc4 22.Qc2 Be7
23.Rhf1 Rf8 24.Rf5 g6 25.Rf3 a5 26.b3 Qc7 27.Qf2  1-0

[Event "FSFMA2 August"]
[Site "Budapest HUN"]
[Date "2011.08.09"]
[Round "4"]
[White "Grimm,G"]
[Black "Henrichsen,J"]
[Result "1-0"]
[WhiteElo "1837"]
[BlackElo "1895"]

1.e4 c5 2.Nf3 d6 3.d4 cxd4 4.Nxd4 Nf6 5.Nc3 a6 6.f3 e6 7.Be3 Nbd7 8.Qd2 Qc7
9.O-O-O b5 10.g4 Nb6 11.a3 Bb7 12.Qf2 Nc4 13.Bxc4 Qxc4 14.Nb3 a5 15.Bb6 b4
16.Nxa5 Rxa5 17.Bxa5 bxc3 18.Bxc3 d5 19.Qb6 Qc8 20.Bxf6 gxf6 21.exd5 Bxd5
22.Rxd5 Bh6+ 23.Kb1  1-0

[Event "Sakkozo Magyarok World Meeting"]
[Site "Lakitelek HUN"]
[Date "2011.08.10"]
[Round "6.10"]
[White "Domany,Z"]
[Black "Juhasz,Bencz"]
[Result "1-0"]
[WhiteElo "2199"]
[BlackElo "1895"]

1.e4 c5 2.Nf3 d6 3.d4 cxd4 4.Nxd4 Nf6 5.Nc3 a6 6.f3 e5 7.Nb3 Be6 8.Be3 Nbd7
9.g4 h6 10.Qd2 Be7 11.O-O-O b5 12.Kb1 Nb6 13.Qf2 Nfd7 14.Nd5 Bxd5 15.exd5 Nc4
16.Bc1 Ndb6 17.h4 O-O 18.Bd3 Qc7 19.Qe2 Na4 20.g5 Rfc8 21.Rh2 a5 22.Rg1 h5
23.f4 g6 24.f5 Ncxb2 25.Bxb2 Nxb2 26.Kxb2 Qc3+ 27.Kb1 a4 28.Qd1 axb3 29.cxb3 Bd8
30.fxg6 Bb6 31.gxf7+ Kf8 32.Rc2 Qa5 33.g6 Rxc2 34.g7+ Kxf7 35.Qxh5+ Ke7 36.Qg5+ Kd7
37.Bf5+ Kc7 38.Qe7+  1-0

[Event "FSFMA2 August"]
[Site "Budapest HUN"]
[Date "2011.08.13"]
[Round "8"]
[White "Grimm,G"]
[Black "Letay,G"]
[Result "1/2-1/2"]
[WhiteElo "1837"]
[BlackElo "2020"]

1.e4 c5 2.Nf3 d6 3.d4 cxd4 4.Nxd4 Nf6 5.Nc3 a6 6.f3 e5 7.Nb3 Be6 8.Be3 Nbd7
9.Qd2 Qc7 10.g4 h6 11.O-O-O Be7 12.Kb1 b5 13.h4 b4 14.Nd5 Bxd5 15.exd5 a5
16.Bb5 Kf8 17.Bc6 Rc8 18.g5 Ng8 19.Qf2 Bd8 20.Rdg1 h5 21.Bxd7 Qxd7 22.Bb6 Qb5
23.Bxd8 Rxd8 24.Rd1 a4 25.Nd2 Ne7 26.Ne4 a3 27.b3 Nf5 28.c4 bxc3 29.Nxc3 Qb4
30.Ne2 Qb7 31.f4 e4 32.Ng3 e3 33.Qe1 Qd7 34.Ka1 Re8 35.Rd3 Nxg3 36.Qxg3 e2
37.Re3 Qg4 38.Re1 Qxg3 39.Rxg3 Re4 40.Rg2 Rxf4 41.Rgxe2 g6 42.Re4 Rf5 43.Ra4 Rxd5
44.Rxa3 Kg7 45.Ra7 Rd4 46.Rf1 Rf8 47.Ra4 Rxa4 48.bxa4 Ra8 49.Rf4 Kf8 50.Kb2 Ke7
51.Kb3 Ra5 52.Kb4 Ra7 53.Kb5 Rb7+ 54.Kc6 Rb2 55.a5 Rxa2 56.Kb6 Rb2+ 57.Ka7 Rc2
58.a6 Rb2 59.Re4+ Kd7 60.Rf4 Ke6 61.Rc4 Kd7  1/2-1/2

[Event "Sakkozo Magyarok World Meeting"]
[Site "Lakitelek HUN"]
[Date "2011.08.13"]
[Round "8.2"]
[White "Levay,S"]
[Black "Szabo,At1"]
[Result "1/2-1/2"]
[WhiteElo "2272"]
[BlackElo "2283"]

1.e4 c5 2.Nf3 d6 3.d4 Nf6 4.Nc3 cxd4 5.Nxd4 a6 6.f3 b5 7.Be3 Bb7 8.Qd2 Nc6
9.O-O-O Rc8 10.g4 Nxd4 11.Qxd4 e5 12.Qd2 Be7 13.g5 Nd7 14.h4 Nb6 15.Kb1 b4
16.Bxb6 Qxb6 17.Nd5 Bxd5  1/2-1/2

[Event "26th Universiade Men"]
[Site "Shenzhen CHN"]
[Date "2011.08.16"]
[Round "3.18"]
[White "Oliveira,Je"]
[Black "Yilmaz,M"]
[Result "0-1"]
[WhiteElo "2256"]
[BlackElo "2519"]

1.e4 c5 2.Nf3 d6 3.d4 cxd4 4.Nxd4 Nf6 5.Nc3 a6 6.f3 e5 7.Nb3 Be7 8.Be3 Be6
9.Qd2 h5 10.O-O-O Nbd7 11.Kb1 Rc8 12.h3 b5 13.a3 Qc7 14.Nc1 Nb6 15.N1a2 Qb7
16.Nb4 Nc4 17.Bxc4 bxc4 18.Ncd5 Nxd5 19.Nxd5 Bd8 20.Qb4 Qxb4 21.Nxb4 a5 22.Na2 Rc6
23.Rd2 Bb6 24.Bxb6 Rxb6 25.Nc3 Kd7 26.Nd1 f5 27.exf5 Bxf5 28.Kc1 Rhb8 29.g4 hxg4
30.fxg4 Be6 31.c3 Rh8 32.Ne3 Rc6 33.h4 g6 34.h5 gxh5 35.gxh5 Rh6 36.Rg2 Rc8
37.Ng4 Rhh8 38.h6 Rcf8 39.Ne3 Ke7 40.Rh4 Rf4 41.Rgh2 Rh7 42.Rh5 Kf6 43.Rg2 d5
44.Kd2 Bf7 45.Rh3 d4 46.Nc2 Bg6 47.Ne1 Rb7 48.Kc1 Rd7 49.Rd2 Re7 50.Kd1 Rf1
51.Re2 Rb7 52.Rf3+ Rxf3 53.Nxf3 Bh5 54.Kc1 Bxf3 55.Rf2 Rb3 56.Rh2 Be4 57.Rf2+ Kg5
58.cxd4 Rxa3 59.Rh2 Bh7 60.Rd2 Rb3  0-1